000 00675nam a2200217Ia 4500
003 OSt
005 20240919103106.0
008 220927b |||||||| |||| 00| 0 eng d
020 _a9781639873296
_cUSD 156.95
037 _bIN-00036, 23/12/2021, The Book Seller
_cTextual
040 _aSDCL
_cSDCL
_beng
041 _2eng
_aeng
082 _aY:1 R2
100 _aPalmer, Nelson
_9436706
245 0 _aIntroduction to cultural studies.
260 _aNew York :
_b Murphy & Moore,
_c2022.
300 _aviii,238p.
650 _aPsychology
942 _hY:1 R2
_cTEXL
_2CC
999 _c752752
_d752752